The Control of breathing in man /

Bibliographic Details
Corporate Authors: Physiological Society (Great Britain), Teaching Symposium on "the Control of Breathing in Man"
Other Authors: Whipp, Brian J.
Format: Conference Proceeding Book
Language:English
Published: Philadelphia, PA : University of Pennsylvania Press, 1987.
Subjects:

MARC

Tag First Indicator Second Indicator Subfields
LEADER 00000cam a2200000 a 4500
001 in00000034178
005 20151007055227.0
008 870722s1987 paua b 10100 eng d
010 |a  87019159  
020 |a 0812280954 
035 |a (OCoLC)16472416 
035 |9 AAB7631AM 
040 |a DNLM/DLC  |c DLC  |d TXA  |d UtOrBLW 
049 |a TXAM  |c [A11506236] 
050 0 0 |a QP123  |b .C658 1987 
060 0 |a WF 102 C7637 1983 
082 0 |a 612/.2  |2 19 
245 0 4 |a The Control of breathing in man /  |c edited by B.J. Whipp. 
264 1 |a Philadelphia, PA :  |b University of Pennsylvania Press,  |c 1987. 
300 |a xi, 122 pages :  |b illustrations ;  |c 23 cm. 
336 |a text  |b txt  |2 rdacontent 
337 |a unmediated  |b n  |2 rdamedia 
338 |a volume  |b nc  |2 rdacarrier 
500 |a Based on the Physiological Society's Teaching Symposium on "the Control of Breathing in Man" held at St. George's Hospital Medical School, London, Feb. 17, 1983. 
504 |a Includes bibliographies and index. 
650 0 |a Respiration  |x Regulation  |v Congresses. 
700 1 |a Whipp, Brian J. 
710 2 |a Physiological Society (Great Britain) 
711 2 |a Teaching Symposium on "the Control of Breathing in Man"  |d (1983 :  |c St. George's Hospital Medical School) 
999 |a MARS 
999 f f |s b69d38c2-97c0-3d69-997f-cb64d5a64b1e  |i 2d277f09-a1d2-3c55-98a7-9bbb37e0e280  |t 0 
952 f f |p ric  |a Texas A&M University  |b Rellis Campus  |c Joint Library Facility  |d Remote Storage  |t 0  |e QP123 .C658 1987  |h Library of Congress classification  |i unmediated -- volume  |m A14811506236 
998 f f |a QP123 .C658 1987  |t 0  |l Remote Storage